[Event "Bohumin op-B 6th"]
[Site "Bohumin"]
[Date "2023.07.06"]
[Round "6"]
[White "Bjolek, Jan"]
[Black "Krampol, Vladimir"]
[Result "1-0"]
[WhiteElo "1844"]
[BlackElo "1641"]
[PlyCount "121"]
[EventDate "2023.07.01"]
[EventType "swiss"]
[EventRounds "9"]
[EventCountry "CZE"]
[SourceTitle "EXT 2024"]
[Source "ChessBase"]
[SourceDate "2023.10.10"]
[SourceVersion "1"]
[SourceVersionDate "2023.10.10"]
[SourceQuality "1"]

1. d4 Nf6 2. Nf3 g6 3. c3 d5 4. Bf4 Bg7 5. h3 Nbd7 6. Nbd2 0-0 7. e3 c5 8. Bd3 Re8 9. 0-0 Nh5 10. Bh2 f5 11. Bb5 Qb6 12. Qa4 Rd8 13. Bxd7 Bxd7 14. Qb3 Bb5 15. Rfe1 c4 16. Qc2 Rac8 17. Ne5 Qa5 18. Rec1 Be8 19. b4 Qa4 20. Ndf3 Qxc2 21. Rxc2 h6 22. a4 Nf6 23. Nd2 g5 24. f3 e6 25. Rb2 h5 26. g4 Bh6 27. Bg3 Nd7 28. Nxd7 Bxd7 29. Be5 Rf8 30. b5 b6 31. a5 Ra8 32. Bc7 Rfc8 33. axb6 axb6 34. Rxa8 Rxa8 35. Bxb6 Rb8 36. Bc5 hxg4 37. hxg4 Rxb5 38. Rxb5 Bxb5 39. Kf2 Bf8 40. Bxf8 Kxf8 41. f4 fxg4 42. Kg3 gxf4+ 43. Kxf4 Ba4 44. Kxg4 Bd1+ 45. Kf4 Be2 46. Ke5 Ke7 47. e4 dxe4 48. Nxe4 Bg4 49. Ng5 Kd7 50. Nf7 Bf3 51. Ng5 Bd5 52. Nh3 Bf3 53. Nf2 Bd5 54. Nd1 Bf3 55. Nb2 Bd5 56. Na4 Kc6 57. Nc5 Kb5 58. Nxe6 Bg2 59. d5 Ka4 60. d6 Bc6 61. Nc5+ 1-0

[Event "Bohumin op-B 6th"]
[Site "Bohumin"]
[Date "2023.07.04"]
[Round "4"]
[White "Bjolek, Jan"]
[Black "Rehacek, Oldrich"]
[Result "1/2-1/2"]
[WhiteElo "1844"]
[BlackElo "1456"]
[PlyCount "57"]
[EventDate "2023.07.01"]
[EventType "swiss"]
[EventRounds "9"]
[EventCountry "CZE"]
[SourceTitle "EXT 2024"]
[Source "ChessBase"]
[SourceDate "2023.10.10"]
[SourceVersion "1"]
[SourceVersionDate "2023.10.10"]
[SourceQuality "1"]

1. d4 e6 2. Nf3 b6 3. e3 Bb7 4. Bd3 Nf6 5. 0-0 Be7 6. Nbd2 d5 7. c3 c5 8. Ne5 Nbd7 9. f4 0-0 10. Qf3 Qc7 11. g4 Nxe5 12. fxe5 Ne8 13. Qh3 g6 14. Qh6 f5 15. gxf5 exf5 16. Nf3 Bd8 17. Bd2 Qg7 18. Qxg7+ Nxg7 19. b3 Ne6 20. Kf2 Be7 21. Kg3 Ng5 22. Nxg5 Bxg5 23. h4 Bh6 24. Rac1 Rac8 25. Be2 Rf7 26. Bf3 Rcf8 27. Be2 Rc8 28. Bf3 Rcf8 29. Be2 1/2-1/2

[Event "Bohumin op-B 6th"]
[Site "Bohumin"]
[Date "2023.07.03"]
[Round "3"]
[White "Gepfert, Cyprian"]
[Black "Bjolek, Jan"]
[Result "1-0"]
[WhiteElo "1683"]
[BlackElo "1844"]
[PlyCount "111"]
[EventDate "2023.07.01"]
[EventType "swiss"]
[EventRounds "9"]
[EventCountry "CZE"]
[SourceTitle "EXT 2024"]
[Source "ChessBase"]
[SourceDate "2023.10.10"]
[SourceVersion "1"]
[SourceVersionDate "2023.10.10"]
[SourceQuality "1"]

1. e4 e6 2. d4 d5 3. Nd2 a6 4. Ngf3 c5 5. dxc5 Bxc5 6. exd5 exd5 7. Nb3 Bb6 8. Qe2+ Ne7 9. Be3 Nbc6 10. 0-0-0 0-0 11. h4 Bg4 12. Kb1 Qc7 13. Qd2 Bxe3 14. Qxe3 Nb4 15. Bd3 Nxd3 16. Rxd3 Rac8 17. Rc3 Nc6 18. Nfd4 Rfe8 19. Qd2 Re7 20. Rg3 Nxd4 21. Nxd4 h5 22. Rc3 Qe5 23. Re3 Qf6 24. g3 Rc4 25. Rxe7 Qxe7 26. Nb3 Bf5 27. Na1 Re4 28. Rc1 Qe6 29. Nb3 Re2 30. Qf4 Re4 31. Qb8+ Kh7 32. Qxb7 Rc4 33. Na1 d4 34. b3 Rc3 35. Kb2 a5 36. Qb5 a4 37. Qxa4 Qe5 38. Qb4 Rc8 39. Re1 Qf6 40. Qd2 d3+ 41. c3 Qc6 42. Re3 Rd8 43. a4 Qc5 44. b4 Qc4 45. Nb3 Be6 46. Nc1 Bf5 47. Re5 Rd5 48. Rxd5 Qxd5 49. a5 Kg8 50. Ka3 f6 51. Nb3 Be6 52. Nc5 Bf7 53. a6 Qc4 54. a7 Bd5 55. a8Q+ Bxa8 56. Qxd3 1-0